التصاريف : (رقم التسجيلة. 30832)

تفاصيل مارك
000 -LEADER
fixed length control field 00720nam a22001937a 4500
005 - DATE AND TIME OF LATEST TRANSACTION
control field 20251108165548.0
008 - FIXED-LENGTH DATA ELEMENTS--GENERAL INFORMATION
fixed length control field 250721s1980 xx 000 0 ara d
082 14 - DEWEY DECIMAL CLASSIFICATION NUMBER
Classification number م/211.7/يحي
100 1# - MAIN ENTRY--PERSONAL NAME
Personal name يحيى بن سلام، يحيى بن سلام بن أبي ثعلبه التيمي 124-200ه
245 10 - TITLE STATEMENT
Title التصاريف :
Remainder of title تفسير القرآن مما اشبهت أسماؤه و تصرفت معانيه /
264 1# - PRODUCTION, PUBLICATION, DISTRIBUTION, MANUFACTURE, AND COPYRIGHT NOTICE
Place of production, publication, distribution, manufacture تونس :
Name of producer, publisher, distributor, manufacturer الشركة التونسية للتوزيع،
Date of production, publication, distribution, manufacture, or copyright notice 1980.
300 ## - PHYSICAL DESCRIPTION
Extent 410ص
650 17 - SUBJECT ADDED ENTRY--TOPICAL TERM
Topical term or geographic name as entry element القرآن الكريم
650 17 - SUBJECT ADDED ENTRY--TOPICAL TERM
Topical term or geographic name as entry element الفاظ القرآن
650 17 - SUBJECT ADDED ENTRY--TOPICAL TERM
Topical term or geographic name as entry element أحكام القرآن
700 1# - ADDED ENTRY--PERSONAL NAME
Personal name شلبي، هند
Relator term تحقيق
942 ## - ADDED ENTRY ELEMENTS (KOHA)
Source of classification or shelving scheme Dewey Decimal Classification
Koha item type مراجع
المقتنيات
حالة السحب حالة الفقدان مصدر التصنيف حالة التلف غير قابل للإعارة المكتبة الرئيسية المكتبة الحالية موقع الرف تاريخ التزويد الرقم المتسلسل Total Checkouts رقم الإستدعاء الباركود تاريخ آخر ظهور تاريخ الفاتورة نوع المادة (كوها)
    Dewey Decimal Classification   Not For Loan المكتبة المركزية المكتبة المركزية مراجع 06/07/2004 117390   م/211.7/يحي 117390 28/07/2025 06/07/2004 مراجع
Implemented & Customized by: BBB with SCIT (Smart Chains for Information Technology)

Powered by Koha